000 00733cam a2200229 4500
001 sa 68012038
003 DLC
005 20260227112606.0
008 691107s1968 ii c 000 0 eng
010 _asa 68012038
025 _aPL480:I-E-10223
040 _aDLC
_cDLC
_dDLC
050 0 0 _aHT720
_b.A76
082 0 0 _a301.44
100 1 _aAmbedkar, B. R.
_q(Bhimrao Ramji),
_d1891-1956.
245 1 0 _aAnnihilation of caste with a reply to Mahatma Gandhi;
_band Castes in India: their mechanism, genesis, and development,
_cby B. R. Ambedkar.
260 _aJullundur City,
_bBheem Patrika Publications,
_c1968.
300 _axiii, 160 p.
_bport.
_c18 cm.
350 _a5.00
650 0 _aCaste
_zIndia.
740 0 _aCastes in India.
999 _c84265
_d84265